000 00825nam a2200313Ia 4500
001 8509
005 20240113234115.0
007 ta
008 050719s1988 a g b000 u eng u
020 _cHB
040 _aCotton College Assam
041 _aeng
082 _a376
_bSh 11 Ru
100 _aSharma, Prem Lata .
245 0 _aRural Women in Education: A Study in Underachievement /
_cPrem Lata Sharma.
_hTextual Documents
250 _a1st ed. /
260 _aNew Delhi :
_bSterling publishers ,
_cC1988.
300 _avi, 95p. :
_bill. ;
_c22cm .
504 _aIndex
653 _aEducation-Rural Women
653 _aWomen Education
653 _aPG-Education
653 _aG-Education
942 _2ddc
_cBK
999 _c8496
_d8496